Spell the Marvel Character #35 - Statistics

General Stats
  • This quiz has been taken 34 times
  • The average score is 6 of 7
Answer Stats
Picture Answer % Correct
Hulk
100%
Okoye
93%
Psylocke
78%
Banshee
74%
Iron Lad
74%
Bishop
70%
Spider-Man 2099
67%
No matching quizzes found
Score Distribution
Percent of People with Each Score
Percentile by Number Answered
Your Score History
You have not taken this quiz